Music Quiz

Random Music or Song Quiz

Songs by Subject Quiz Stats

Quiz Updated Sep 2, 2017

Challenge
Share
Tweet
Embed
Score 0/20 Timer 10:00
6 Plays Today
% Correct
Jenny (867-5309)
97.1%
99 Luftballons
93.9%
Born in the USA
92.5%
All My Ex's Live in Texas
89.9%
God Bless the USA
89.8%
American Pie
88.5%
Layla
87.2%
Centerfold
85.1%
Enter Sandman
84.8%
Man on the Moon
83.3%
% Correct
The Sound of Silence
83%
Ohio
82.9%
My Sharona
82.2%
Pass the Dutchie
80.3%
Wake Me Up When September Ends
79.9%
Cry Me a River
75.5%
Second Chance
63%
Stuck in a Moment You Can't Get Out Of
57.1%
Sunny Came Home
55.9%
You Make Me Wanna...
55.2%

You're not logged in!

Compare scores with friends on all Sporcle quizzes.
Join for Free
OR
Log In

You Might Also Like...

Show Comments

Extras

Top Quizzes Today


Score Distribution

Your Account Isn't Verified!

In order to create a playlist on Sporcle, you need to verify the email address you used during registration. Go to your Sporcle Settings to finish the process.

Report this User

Report this user for behavior that violates our Community Guidelines.

Details: